Congrès littéraire et artistique internationale, 1888 Venise (Record no. 39085)

MARC details
000 -LEADER
campo de control de longitud fija 00658nam a2200181 i 4500
001 - NÚMERO DE CONTROL
campo de control 39085
003 - IDENTIFICADOR DE NÚMERO DE CONTROL
campo de control ES-MaACL
005 - FECHA Y HORA DE LA ÚLTIMA TRANSACCIÓN
campo de control 20230906155904.0
007 - CAMPO FIJO DE DESCRIPCIÓN FÍSICA--INFORMACIÓN GENERAL
campo de control de longitud fija t|
008 - DATOS DE LONGITUD FIJA--INFORMACIÓN GENERAL
campo de control de longitud fija 030227q1888 fr ||||1| fre d
100 1# - ENTRADA PRINCIPAL--NOMBRE DE PERSONA
Nombre de persona Calzado, Adolfo.
9 (RLIN) 33947
245 10 - MENCIÓN DEL TÍTULO
Título Congrès littéraire et artistique internationale, 1888 Venise
Resto del título : [Conférence sur Goldoni] /
Mención de responsabilidad, etc. Adolfo Calzado.
260 ## - PUBLICACIÓN, DISTRIBUCIÓN, ETC.
Lugar de publicación, distribución, etc. Paris :
Nombre del editor, distribuidor, etc. [s.n.,
Fecha de publicación, distribución, etc. 1888?] (
Fabricante impr. de Chaix)
300 ## - DESCRIPCIÓN FÍSICA
Extensión 22 p. ;
Dimensiones 25 cm.
600 14 - PUNTO DE ACCESO ADICIONAL DE MATERIA--NOMBRE DE PERSONA
Nombre de persona Goldoni, Carlo (
Fechas asociadas al nombre 1707-1793)
9 (RLIN) 57673
711 2# - ENTRADA AGREGADA--NOMBRE DE REUNIÓN
Nombre de congreso/reunión o jurisdicción como elemento de entrada Congrès Littéraire et Artistique International (
Fecha del congreso o de la firma del tratado 1888.
Sede del congreso/Lugar de la reunión Venise)
9 (RLIN) 155870
852 ## - LOCALIZACIÓN
Ubicación ES-MaACL
Número de control de estantería T-518-F-5
Nota libre .- Ded. ms. del autor
Holdings
Estatus retirado Estado de pérdida Estado de daño No para préstamo Colección Biblioteca de origen Biblioteca actual Ubicación en estantería Fecha de adquisición Fuente de adquisición Total de préstamos Signatura topográfica completa Código de barras Visto por última vez Precio de reemplazo Tipo de ítem Koha
        Colección de folletos Biblioteca del Ateneo de Madrid Biblioteca del Ateneo de Madrid Depósito folletos 17/01/2008     T-518-F-5 1041161 23/02/2023 23/02/2023 Folleto